|
|
|
|
| LEADER |
01526nam a2200385 a 4500 |
| 001 |
000698923 |
| 003 |
CZ BrMZK |
| 005 |
20090824131317.0 |
| 007 |
ta |
| 008 |
031204s2003 xr e p 000 0 cze d |
| 015 |
|
|
|a cnb001290403
|
| 020 |
|
|
|a 80-7318-155-X
|q (brož.)
|
| 035 |
|
|
|a (OCoLC)56872723
|
| 040 |
|
|
|a BOA001
|b cze
|
| 072 |
|
7 |
|a 33
|x Ekonomie
|2 Konspekt
|9 4
|
| 072 |
|
7 |
|a 37.016
|x Učební osnovy. Vyučovací předměty. Učebnice
|2 Konspekt
|9 22
|
| 080 |
|
|
|a 330.101.541
|2 MRF
|
| 080 |
|
|
|a (075.8)
|2 MRF
|
| 100 |
1 |
|
|a Nováček, Vnislav,
|d 1950-
|7 xx0005579
|4 aut
|
| 245 |
1 |
0 |
|a Makroekonomie I. /
|c Vnislav Nováček, Jena Švarcová
|
| 250 |
|
|
|a Vyd. 2. upr.
|
| 260 |
|
|
|a Zlín :
|b Univerzita Tomáše Bati,
|c 2003
|
| 300 |
|
|
|a 151 s. ;
|c 29 cm
|
| 504 |
|
|
|a Obsahuje bibliografie
|
| 500 |
|
|
|a Nad názvem: Univerzita Tomáše Bati. Fakulta managementu a ekonomiky
|
| 500 |
|
|
|a 500 výt.
|
| 500 |
|
|
|a Dostupné též v digitální podobě v aplikaci Kramerius
|
| 650 |
0 |
7 |
|a makroekonomie
|7 ph115205
|2 czenas
|
| 655 |
|
7 |
|a učebnice vysokých škol
|7 fd133772
|2 czenas
|
| 700 |
1 |
|
|a Švarcová, Jena,
|d 1963-
|7 xx0004184
|4 aut
|
| 710 |
2 |
|
|a Univerzita Tomáše Bati ve Zlíně.
|b Fakulta managementu a ekonomiky
|7 kn20010709196
|
| 856 |
4 |
1 |
|u http://www.digitalniknihovna.cz/mzk/uuid/uuid:006032d0-0594-11e3-beb8-005056827e51
|y Digitalizovaný dokument
|x NDK
|
| 910 |
|
|
|a BOA001
|b 3-1124.839
|
| 990 |
|
|
|a BK
|
| 996 |
6 |
|
|b 2610205773
|c 3-1124.839
|l MZK
|r Sklad / do 1 hodiny
|n 0
|p p.v.
|w 000698923
|u 000010
|a 1
|e BOA001
|j MZK50
|s P
|